000 00313nam a22001217a 4500
008 160429b xxu||||| |||| 00| 0 eng d
020 _a9781416049036
020 _a9996047865
041 _aeng
080 _a618.2
245 _aMedical surgical nursing:
_cDonna D. Ignatavicius; M. Linda Workman;
942 _2udc
_cBK
999 _c1690
_d1690